Normal view
MARC view
- Cárdenas, Lázaro,
Entry Nombre Personal
001 - NUMERO DE CONTROL
- campo de control: 6662
003 - IDENTIFICADOR DE NUMERO DE CONTROL
- campo de control: MX-MxUPN
005 - FECHA Y HORA DE LA ÜLTIMA TRANSACCIÓN
- campo de control: 20240910165833.0
008 - DATOS DE LONGITUD FIJA
- campo de control de longitud fija: 240910n| fcnnnbabn | ana |d
035 ## - NUMERO DE CONTROL
- Número de control: UPN10000006664
040 ## - FUENTE DE CATALOGACIÓN
- Agencia original de catalogación: MX-MxUPN
- Lenguaje de catalogación: spa
- Agencia de transcripción: MX-MxUPN
100 1# - ENCABEZAMIENTO - NOMBRE PERSONAL
- Nombre personal: Cárdenas, Lázaro,
- Fechas asociadas con el nombre: 1895-1970
- Subdivisión temática general : Crítica e interpretación
670 ## - FUENTE EN LA QUE SE LOCALIZARON DATOS
- Cita de la fuente: T/P
- Información localizada: Diccionario Porrúa de biografia, historia y geografia de México
902 ## - CATALOGADOR
- Catalogador: LG/250997
